| 000 | 00584nam a2200181 a 4500 | ||
|---|---|---|---|
| 005 | 20210219160409.0 | ||
| 008 | 081103s1979 mx r 000 0 spa d | ||
| 035 | _aUPN01000164829 | ||
| 049 | _aUNE | ||
| 080 | _aOC 016: 362.61 (-77) "1979" BAR. | ||
| 100 | 1 | _aBaraho-Beri, I. | |
| 245 | 1 | 0 |
_aBibliografía comentada sobre la tercera edad en el tercer mundo / _cI. Baraho-Beri. |
| 260 |
_aParís : _bUNESCO, _c1979. |
||
| 300 | _a56 p. | ||
| 440 | 0 | _aEncuestas y estudios sobre la educación de adultos | |
| 690 | _aBibliografias- Vejez- Paises en desarrollo | ||
| 905 | _aUNESCO | ||
| 999 |
_c136941 _d136941 |
||